English National Football Team By Photos - Euro 2024 - Statistics

General Stats
  • This quiz has been taken 56 times
  • The average score is 21 of 26
Answer Stats
Picture Answer % Correct
Jordan Pickford
100%
Kyle Walker
98%
John Stones
96%
Trent Alexander-Arnold
96%
Aaron Ramsdale
92%
Bukayo Saka
92%
Cole Palmer
92%
Declan Rice
92%
Harry Kane
92%
Jude Bellingham
92%
Phil Foden
92%
Kieran Trippier
85%
Luke Shaw
83%
Joe Gomez
81%
Anthony Gordon
79%
Conor Gallagher
79%
Ollie Watkins
79%
Kobbie Mainoo
77%
Marc Guéhi
77%
Ivan Toney
75%
Dean Henderson
73%
Jarrod Bowen
73%
Eberechi Eze
67%
Adam Wharton
54%
Lewis Dunk
50%
Ezri Konsa
48%
No matching quizzes found
Score Distribution
Percent of People with Each Score
Percentile by Number Answered
Your Score History
You have not taken this quiz